| 000 | 00481nam a2200157Ia 4500 | ||
|---|---|---|---|
| 005 | 20240814115844.0 | ||
| 008 | 240813s9999||||xx |||||||||||||| ||und|| | ||
| 082 | _a745 OLS | ||
| 100 | _aOlson, Delmar W. | ||
| 245 | 0 | _aIndustrial arts for the general shop : A study of American technology in the laboratory of industries | |
| 250 | _a2nd ed. | ||
| 260 |
_aEnglewood _bPrentice-Hall _c1961 |
||
| 300 | _a340p | ||
| 650 | _aArts, Crafts, Music, Sports and Recreations | ||
| 942 | _cBK | ||
| 999 |
_c4641 _d4641 |
||